000 00672cam a22002171 4500
001 af 48001390
003 DLC
005 20260227110849.0
008 890522q19401949gw a 000 0 ger c
010 _aaf 48001390
035 _a(OCoLC)19748704
040 _aCalifornia. Univ. Libr.
_cCU
_dDLC
041 1 _ager
_hdut
042 _apremarc
050 0 0 _aPT6434.L6
_bM254
100 1 _aStreuvels, Stijn,
_d1871-1969.
245 1 4 _aDie zwölf Monde
_c[von] Stijn Streuvels [pseud.] [Übertragung aus dem Flämischen von Werner Ackermann]
260 _aStuttgart,
_bEngelhornverlag
_c[194-]
300 _a146 p.
_billus.
_c20 cm.
700 1 _aAckermann, Werner,
_d1892-
_etr.
999 _c4504
_d4504